Science Quiz

Random Science or Clickable Quiz

Brain stem Quiz Stats

 Plays Quiz not verified by Sporcle

Challenge
Share
Tweet
Embed
Score 0/8 Timer 10:00
0 Plays Today
% Correct
Movement of the eyes
84.8%
Medulla oblongata, Pons, Midbrain
80.4%
medulla oblongata
77.8%
involuntary muscle
76.1%
the medulla oblongata
73.9%
Mesencephalon
67.4%
nervous system
56.5%
midbrain
50%

You're not logged in!

Compare scores with friends on all Sporcle quizzes.
OR
Log In

You Might Also Like...

Show Comments

Extras

Created Apr 8, 2016ReportNominate
Tags:Clickable Quiz, brain, stem

Top Quizzes Today


Score Distribution

Your Account Isn't Verified!

In order to create a playlist on Sporcle, you need to verify the email address you used during registration. Go to your Sporcle Settings to finish the process.

Report this User

Report this user for behavior that violates our Community Guidelines.

Details: